Biggest Cities in Paraguay - Statistics

General Stats
  • This quiz has been taken 20 times
  • The average score is 6 of 20
Answer Stats
Population City % Correct
460.000 Asunción
100%
330.000 Ciudad del Este
58%
230.000 San Lorenzo
47%
85.000 Encarnación
42%
260.000 Luque
42%
67.000 Coronel Oviedo
26%
110.000 Fernando de la Mora
26%
130.000 Lambaré
26%
140.000 Limpio
26%
120.000 Ñemby
26%
120.000 Pedro Juan Caballero
26%
240.000 Capiatá
21%
85.000 Mariano Roque Alonso
21%
71.000 Villa Elisa
16%
70.000 Areguá
11%
74.000 Hernandarías
11%
68.000 Itauguá
11%
87.000 Presidente Franco
11%
67.000 Minga Guazú
5%
66.000 Ypané
5%
No matching quizzes found
Score Distribution
Percent of People with Each Score
Percentile by Number Answered
Your Score History
You have not taken this quiz